აჭარის ავტონომიური რესპუბლიკა. (ბიბ.ჩანაწერი № 37675)
[ მარტივი ფორმატი ]
| 000 -LEADER | |
|---|---|
| fixed length control field | 00841nam a2200205Ia 4500 |
| 001 - CONTROL NUMBER | |
| control field | 3647 |
| 003 - CONTROL NUMBER IDENTIFIER | |
| control field | GE_BSU |
| 008 - FIXED-LENGTH DATA ELEMENTS--GENERAL INFORMATION | |
| fixed length control field | 181216s||||||||xx |||||||||||||| ||und|| |
| 040 ## - CATALOGING SOURCE | |
| Transcribing agency | GE_BSU |
| 080 ## - UNIVERSAL DECIMAL CLASSIFICATION NUMBER | |
| Universal Decimal Classification number | 34(479.223)(094.1) |
| 245 ## - TITLE STATEMENT | |
| Title | აჭარის ავტონომიური რესპუბლიკა. |
| 245 ## - TITLE STATEMENT | |
| Remainder of title | ნორმატიული აქტების კრებული. ნ.1. 20.07. 2004–20.07.2005 |
| 245 ## - TITLE STATEMENT | |
| Statement of responsibility, etc. | მთ. რედ. მიხეილ მახარაძე, რედ. პეტრე ზამბახიძე. |
| 260 ## - PUBLICATION, DISTRIBUTION, ETC. | |
| Place of publication, distribution, etc. | ბათუმი |
| 260 ## - PUBLICATION, DISTRIBUTION, ETC. | |
| Name of publisher, distributor, etc. | ს.ს. "პოლიგრაფისტი |
| 260 ## - PUBLICATION, DISTRIBUTION, ETC. | |
| Date of publication, distribution, etc. | 2007 |
| 300 ## - PHYSICAL DESCRIPTION | |
| Extent | 393 გვ. 29 სმ. |
| 653 ## - INDEX TERM--UNCONTROLLED | |
| Uncontrolled term | აჭარის ავტონომიური რესპუბლიკა. |
| 942 ## - ADDED ENTRY ELEMENTS (KOHA) | |
| Koha item type | წიგნი |
არაა ხელმისაწვდომი ეგზემპლარები.
